Szczegóły MARC21

Atlas geologiczny Polski /

001 -Numer Kontrolny Rekordu [,]
    • @
    • pole kontrolne
    • xx004107622
003 -Nazwa instytucji, której n kontrolny jest w polu 001 [,]
    • @
    • Nazwa instytucji, której n kontrolny jest w polu 001
    • NUKAT
005 -DATA I CZAS OSTATNIEJ MODYFIKACJI [,]
    • @
    • pole kontrolne
    • 20241231112913.0
007 -Forma fizyczna dok. kartograficznego/obrazu teledetekcyjnego [,]
    • @
    • Dane kontrolne - forma fizyczna
    • ad canun
008 -ELEMENTY DANYCH STAŁEJ DŁUGOŚCI [,]
    • @
    • pole kontrolne
    • 170911s2017 pl e | 1 pol c
020 -Międzynarodowy znormalizowany numer książki - ISBN [ , ]
    • a
    • Numer ISBN
    • 9788378636670 Find
034 -Zakodowane dane matematyczne [0, ]
    • a
    • Kod miary skali
    • a
040 -Instytucja sporządzająca opis [ , ]
    • a
    • Instytucja, która sporządziła opis (NP)
    • KR 93/MU
    • c
    • Instytucja, która sporządziła rekord (NP)
    • KR 93/MU
    • d
    • Instytucja, która zmodyfikowała rekord (P)
    • KR 93/MU
    • d
    • Instytucja, która zmodyfikowała rekord (P)
    • KIEL 010/KZs
942 -Rodzaj dokumentu [ , ]
    • c
    • Rodzaj dokumentu
    • Kartografia-mapy,atlasy
100 -Hasło główne - nazwa osobowa [1, ]
    • a
    • Nazwa osobowa (NP)
    • Aleksandrowski, Paweł. Find
    • 9
    • KHW
    • 408724
245 -Strefa tytułu i oznaczenia odpowiedzialności [1,0]
    • a
    • Tytuł
    • Atlas geologiczny Polski / Find
    • c
    • Pozostałe elementy strefy tytułu i oznaczenia odpowiedzialności (NP)
    • pod red. Jerzego Nawrockiego i Anny Becker ; [zespół autorski: Paweł Aleksandrowski [i 122 pozostałych] ; red. merytoryczna map: Elżbieta Nauwaldt, Kamila Janus, Elżbieta Gruszczyńska, red. merytoryczna tekstów Elżbieta Sarnecka].
255 -Strefa danych matematycznych [ , ]
    • a
    • Strefa danych matematycznych
    • Skale różne.
260 -Strefa adresu wydawniczego [ , ]
    • a
    • Miejsce wydania (P)
    • Warszawa :
    • b
    • Nazwa wydawcy (P)
    • Państwowy Instytut Geologiczny - Państwowy Instytut Badawczy,
    • c
    • Data wydania (P)
    • 2017.
300 -Strefa opisu fizycznego [ , ]
    • a
    • Określenie formy książki i/lub objętość (NP)
    • 1 atlas (170 s. niektóre złoż.) :
    • b
    • Oznaczenie ilustracji (NP)
    • mapy kolor. ;
    • c
    • Format (NP)
    • 34 cm +
    • e
    • Oznaczenie dokumentu towarzyszącego (NP)
    • Tabele stratygraficzne Polski : 72x25 cm, złoż. 20x25 cm.
336 -Typ zawartości [ , ]
    • a
    • Termin opisujący typ zawartości
    • Mapa 2D
    • b
    • Kod określający zawartość
    • cri
    • 2
    • Źródło
    • rdacontent
337 -Typ medium [ , ]
    • a
    • Tryb odtwarzania
    • Bez urządzenia pośredniczącego
    • b
    • Kod typu mediów
    • n
    • 2
    • Źródło (termin i kod)
    • rdamedia
338 -Typ nośnika [ , ]
    • a
    • Termin określający typ nośnika
    • Wolumin
    • b
    • Kod określający typ nośnika
    • nc
    • 2
    • Źródło (termin i kod)
    • rdacarrier
504 -Uwaga dot. bibliografii załącznikowej [ , ]
    • a
    • Uwaga dot. bibliografii załącznikowej
    • Bibliogr. s. 155-167. Skorowidz wybranych pojęć specjalistycznych.
536 -Uwaga dot. finansowania książki [ , ]
    • a
    • Tekst uwagi
    • Praca sfinansowana z dotacji statutowej MNiSzW dla PIG-PIB poz. pl. 62.9710.1104.01.1
650 -Hasło przedmiotowe [ ,7]
    • a
    • Hasło przedmiotowe
    • Geologia
    • z
    • Określnik geograficzny
    • Polska
    • v
    • Określnik formalny
    • mapy.
    • 9
    • KHW
    • 418076
650 -Hasło przedmiotowe [ ,7]
    • a
    • Hasło przedmiotowe
    • Przekroje geologiczne
    • z
    • Określnik geograficzny
    • Polska.
    • 9
    • KHW
    • 444953
655 -Hasło przedmiotowe - forma [ ,7]
    • a
    • Hasło - forma
    • Atlasy geologiczne
    • y
    • Określnik chronologiczny
    • 1990-.
    • 2
    • Źródło terminu
    • kaba
    • 9
    • KHW
    • 444952
700 -Hasło dodatkowe - nazwa osobowa [1, ]
    • a
    • Nazwa osobowa (NP)
    • Nawrocki, Jerzy Find
    • c
    • Dopowiedzenie inne niż daty biograficzne (NP)
    • (geofizyka).
    • e
    • Określenie rodzaju współpracy (NP)
    • Red.
    • 9
    • KHW
    • 445077
700 -Hasło dodatkowe - nazwa osobowa [1, ]
    • a
    • Nazwa osobowa (NP)
    • Becker, Anna Find
    • c
    • Dopowiedzenie inne niż daty biograficzne (NP)
    • (geologia).
    • e
    • Określenie rodzaju współpracy (NP)
    • Red.
    • 9
    • KHW
    • 85673
700 -Hasło dodatkowe - nazwa osobowa [1, ]
    • a
    • Nazwa osobowa (NP)
    • Nauwaldt, Elżbieta. Find
    • e
    • Określenie rodzaju współpracy (NP)
    • Red.
    • 9
    • KHW
    • 445078
700 -Hasło dodatkowe - nazwa osobowa [1, ]
    • a
    • Nazwa osobowa (NP)
    • Janus, Kamila Małgorzata. Find
    • e
    • Określenie rodzaju współpracy (NP)
    • Red.
    • 9
    • KHW
    • 445080
700 -Hasło dodatkowe - nazwa osobowa [1, ]
    • a
    • Nazwa osobowa (NP)
    • Gruszczyńska, Elżbieta. Find
    • e
    • Określenie rodzaju współpracy (NP)
    • Red.
    • 9
    • KHW
    • 445079
700 -Hasło dodatkowe - nazwa osobowa [1, ]
    • a
    • Nazwa osobowa (NP)
    • Sarnecka, Elżbieta Find
    • c
    • Dopowiedzenie inne niż daty biograficzne (NP)
    • (geologia).
    • e
    • Określenie rodzaju współpracy (NP)
    • Red.
    • 9
    • KHW
    • 344026
710 -Hasło dodatkowe - nazwa ciała zbiorowego [2, ]
    • a
    • Nazwa ciała zbiorowego lub nazwa geograficzna jako pierwszy element (NP)
    • Państwowy Instytut Geologiczny.
    • 4
    • Kod relacji
    • pbl
    • 9
    • KHW
    • 70709
920 -ISBN [ , ]
    • a
    • ISBN
    • 978-83-7863-667-0 Find
Numer inwentarzowy Data inwentaryzacji Sposób nabycia Kierowanie Cena Status udost. Akcesja Kod kreskowy Data wprowadzenia opisu
Z.1226982018-02-02kBG70.00117k168/120003012269852018-01-25
WM.206792018-02-02kBG70.00-317k168/120002002067982018-01-25
WM.206802018-02-02kBG70.00-317k168/120002002068042018-01-25
WM.206812018-02-02kBG70.00-317k168/120002002068112018-01-25